5HLuxD.jpg

KING HENRY VIII SENIOR AND PRIMARY SCHOOL LIBRARY OPAC

Lords and ladies / (Record no. 834)

000 -LEADER
fixed length control field 00950cam a2200253 4500
001 - CONTROL NUMBER
control field 011381162
003 - CONTROL NUMBER IDENTIFIER
control field UkOxU
005 - DATE AND TIME OF LATEST TRANSACTION
control field 20191223094840.0
008 - FIXED-LENGTH DATA ELEMENTS--GENERAL INFORMATION
fixed length control field 940510r19931992enk 000 1 eng
015 ## - NATIONAL BIBLIOGRAPHY NUMBER
National bibliography number GB 94-31360
020 ## - INTERNATIONAL STANDARD BOOK NUMBER
International Standard Book Number 0552138916
020 ## - INTERNATIONAL STANDARD BOOK NUMBER
International Standard Book Number 9780552138918
040 ## - CATALOGING SOURCE
Transcribing agency KH8
082 ## - DEWEY DECIMAL CLASSIFICATION NUMBER
Classification number FIC PRA
100 1# - MAIN ENTRY--PERSONAL NAME
Personal name Pratchett, Terry.
Relator term author
245 10 - TITLE STATEMENT
Title Lords and ladies /
Statement of responsibility, etc. Terry Pratchett
260 ## - PUBLICATION, DISTRIBUTION, ETC.
Place of publication, distribution, etc. London :
Name of publisher, distributor, etc. Corgi,
Date of publication, distribution, etc. 1993
300 ## - PHYSICAL DESCRIPTION
Extent 381 p
Dimensions 18 cm.
440 ## - SERIES STATEMENT/ADDED ENTRY--TITLE
Title Discworld novel
500 ## - GENERAL NOTE
General note Originally published: London : Gollancz, 1992
520 ## - SUMMARY, ETC.
Summary, etc. THE FAIRIES ARE BACK - BUT THIS TIME THEY DON'T JUST WANT YOUR TEETH...Granny Weatherwax and her tiny coven are up against real elves.It's Midsummer Night.No times for dreaming...With full supporting cast of dwarfs, wizards, trolls, Morris dancers and one orang-utan. And lots of hey-nonny-nonny and blood all over the place
655 ## - INDEX TERM--GENRE/FORM
Genre/form data or focus term Fantasy
942 ## - ADDED ENTRY ELEMENTS (KOHA)
Source of classification or shelving scheme
Koha item type Books - Fiction
Holdings
Withdrawn status Lost status Source of classification or shelving scheme Damaged status Not for loan Collection code Permanent Location Current Location Shelving location Date acquired Total Checkouts Full call number Barcode Date last seen Date last checked out Price effective from Koha item type
          Fiction KH8 Senior School Library KH8 Senior School Library Fiction 2019-12-23 1 FIC PRA 3KHSL000101585 2024-07-18 2024-01-10 2019-12-23 Books - Fiction

Powered By KH8 IT Dept